LIBRARY & INFORMATION CENTRE, KCAET, TAVANUR

ONLINE PUBLIC ACCESS CATALOGUE (OPAC)

Samskarathinte Nazhikakkallukal / (Record no. 1214)

MARC details
000 -LEADER
fixed length control field 00497cam a2200181ua 4500
041 ## - LANGUAGE CODE
Language code of text/sound track or separate title mal
082 ## - DEWEY DECIMAL CLASSIFICATION NUMBER
Classification number 894.8124
Item number KUN/SA
100 ## - MAIN ENTRY--AUTHOR NAME
Personal name Kunjan pillai, Elamkulam.P.N .
245 ## - TITLE STATEMENT
Title Samskarathinte Nazhikakkallukal /
260 ## - PUBLICATION, DISTRIBUTION, ETC. (IMPRINT)
Place of publication Kottayam :
Name of publisher Sahitya Pravarthaka Co-operative Society ,
Year of publication 1958.
300 ## - PHYSICAL DESCRIPTION
Number of Pages 120 ; .
942 ## - ADDED ENTRY ELEMENTS (KOHA)
Koha item type Books
Holdings
Withdrawn status Lost status Damaged status Home library Current library Date acquired Full call number Accession Number Koha item type
Withdrawn     KAUAET KAUAET 16/11/2023 894.8124 KUN/SA 11487 Books
Withdrawn     KAUAET Malayalam University 07/04/2012 894.8124 109 Books
Withdrawn     KAUAET Malayalam University 07/04/2012 894.8124 11488 Books
free website counter